Responses for Show #7210 - Friday, January 8, 2016

Contestants

[<< previous game]

Adam Hoskins, an attorney from Columbia, Missouri

Ava Hadaway, a chemistry tutor from Hayward, California

Steve Belding, an engineer from Knoxville, Tennessee (whose 3-day cash winnings total $58,801)

[next game >>]

Jeopardy! Round responses

STATE OF THE CIVIL WAR BATTLE
UNUSUAL ANIMALS
WHAT A DOLL!
"AMERICAN" ORGANIZATION
(Alex: ...and we want the full name of the organization.)
THE NEW YORK TIMES: MOVIES
FOOD... BACKWARDS
(Alex: Each correct response will be two words, one the reverse of the other.)
    $200 6
Alabama

Adam
    $200 1
elephant ears

Steve
    $200 27
Barbie

Adam
    $200 18
American Dental Association

Steve
    $200 23
minions

Steve
    $200 12
Spam & maps

Ava
    $400 7
Georgia

Adam
    $400 2
anteater

Steve
    $400 17
Cabbage Patch dolls

Ava
    $400 19
American Civil Liberties Union

Steve
    $400 24
the World Trade Center

Ava
    $400 13
nuts & stun

Adam
    $600 8
Maryland

Ava
    $600 3
amphibian

Adam
    $600 28
[The end-of-round signal sounds.]

American Girl

Ava
    $600 20
Daughters of the American Revolution

Steve
    $600 5
Selma

Ava
    $600 14
yam & May

Adam
    $800 9
Missouri

Ava
    $800 4
(Alex: They're called [*]. Yeah, obvious, huh? Afterwards.)

scales

Triple Stumper
    $800 21
(Ava: What is the American Heart Association?)

American Cancer Society

SteveAva
    $800 25
Magic Mike XXL

Adam
    $800 15
bun & nub

Ava
    $1000 10
Virginia

Ava
    $1000 11
the okapi

Steve
    $1,000 22
(Steve: What is the American Bar Association?)
(Alex: What is [*]?)
(Steve: Oh, Dewey.)
(Alex: Remember, the Dewey Decimal System.)

American Library Association

Steve
    $1000 26
Whiplash

Adam
    $1000 16
leek & keel

Steve

Scores at the first commercial break (after clue 15):

Steve Ava Adam
$1,600 $4,000 $2,200

Scores at the end of the Jeopardy! Round:

Steve Ava Adam
$3,800 $4,600 $4,200

Double Jeopardy! Round responses

KUNG FU MASTERS
ALEXANDER POPE
MUSICAL NICKNAMES
POPULOUS EUROPEAN ISLANDS
THE 1300s
WHAT AN "AGE"
    $400 15
Buddha

Adam
    $400 21
learning

Triple Stumper
    $400 10
David Lee Roth

Adam
    $400 20
(Ava: What is England)
...
(Alex: Yes, England is a country, not the island.)

Great Britain

SteveAva
    $400 29
Ming

Steve
    $400 1
(Adam: What is upstage?)

downstage

SteveAdam
    $800 16
sumo wrestlers

Adam
    $800 22
The Iliad & The Odyssey

Ava
    $800 6
Salsa

Adam
    $800 11
Sicily & Sardinia

Adam
    $800 27
The Hundred Years' War

Ava
    $800 2
enrage

Adam
    $1200 17
(Ava: Who is Jackie Chan?)
(Steve: Who is Bruce Lee?)

Jet Li

SteveAva
Triple Stumper
    $3,000 23
(Isaac) Newton

Ava
    $1200 7
John Bonham

Ava
    $1200 12
Ireland

Steve
    $1200 24
the Aztecs

Ava
    $1200 3
rattle his cage

Steve
    $1600 18
Shaolin

Adam
    $1600 28
"The Rape of the Lock"

Adam
    $1600 8
Ol' Blue Eyes

Steve
    $1600 13
Cyprus

Adam
    $3,000 25
(Ava: What is Henry?)
(Alex: Ah, picked the wrong one. [*]. [*].)

Edward

Ava
    $1600 4
sage

Steve
    $2000 19
(Ava: What is the crane?)
(Steve: What is a dragon?)

monkey

SteveAva
Triple Stumper
    $2000 30
the Beatitudes

Steve
    $2000 9
(Alex: William Collins, better known as [*].)

Bootsy

Triple Stumper
    $2000 14
Crete

Ava
    $2000 26
the Knights Templar

Ava
    $2000 5
assuage

Adam

Scores at the end of the Double Jeopardy! Round:

Steve Ava Adam
$9,400 $9,000 $14,600

[wagering suggestions for these scores]

Final Jeopardy! Round responses

SOCIOLOGY
(Alex: Something we all looked forward to in school.)
AvaWhat is a role model?
$9,000
SteveWhat is a role model?
$8,601
AdamWhat is a role model?
$4,201
a role model

Final scores:

Steve Ava Adam
$18,001 $18,000 $18,801
2nd place: $2,000 3rd place: $1,000 New champion: $18,801

Game dynamics:

Coryat scores:

Steve Ava Adam
$10,400 $10,200 $14,600
17 R,
3 W
(including 1 DD)
16 R
(including 1 DD),
5 W
(including 1 DD)
18 R,
1 W

Combined Coryat: $35,200

[game clues] [game scores] [suggest correction]

Game tape date: 2015-12-08
The J! Archive is created by fans, for fans. Scraping, republication, monetization, and malicious use prohibited; this site may use cookies and collect identifying information. See terms. The Jeopardy! game show and all elements thereof, including but not limited to copyright and trademark thereto, are the property of Jeopardy Productions, Inc. and are protected under law. This website is not affiliated with, sponsored by, or operated by Jeopardy Productions, Inc. Join the discussion at JBoard.tv.